LEADER 02899nam1 2200505 i 450 001 RAV0189357 005 20251003044326.0 010 $a8870501922 100 $a19920520g1988 ||||0itac50 ba 101 | $aita 102 $ait 181 1$6z01$ai $bxxxe 182 1$6z01$an 183 1$6z01$anc$2RDAcarrier 200 1 $aStoria dell'industria lombarda$fa cura di Sergio Zaninelli 210 $aMilano$cIl polifilo 215 $a v.$d28 cm. 463 1$1001LO10303514$12001 $aˆ3: ‰Sviluppo e consolidamento di un'economia industriale$edalla prima alla seconda guerra mondiale$fdi Sergio Zaninelli ... \et al.!$v3 463 1$1001RAV0189360$12001 $aˆ1: Un ‰sistema manifatturiero aperto al mercato$eˆ\‰dal Settecento all'unità politica!$fdi Angelo Moioli ... [et al.]$gintroduzione di Sergio Zaninelli$v1 463 1$1001RAV0189367$12001 $aˆ2.1: ‰Alla guida della prima industrializzazione italiana$edall'unità politica alla fine dell'Ottocento$fdi Sergio Zaninelli e Pietro Cafaro$v2.1 463 1$1001RAV0189375$12001 $aˆ2.2: ‰Alla guida della prima industrializzazione italiana$edalla fine dell'Ottocento alla grande guerra$fdi Sergio Zaninelli, Pietro Cafaro e Rosalba Canetta$v2.2 606 $aLombardia$xIndustria$xSec. 18.-20.$2FIR$3CFIC067885$9I 676 $a338.09452$9Produzione. Lombardia$v12 676 $a338.09452$9PRODUZIONE. Storia, geografia, persone. Italia-Regione della Lombardia$v14 676 $a338.09452$9PRODUZIONE. Lombardia$v19 676 $a338.09452$9Produzione lombarda$v20 676 $a338.09452$9PRODUZIONE. Lombardia$v21 676 $a338.09452$9PRODUZIONE. Lombardia$v22 676 $a338.4094521$9STORIA DI INDUSTRIE SECONDARIE E SERVIZI IN LOMBARDIA$v20 676 $a338.709452$9IMPRESE. Lombardia$v21 686 $aLOM/X5.3$cECONOMIA E SOCIETA LOMBARDIA$2R 686 $aSe.i.4.0$cStoria dell'economia italiana. Storie di industrie$2F 686 $aX30.2$cINDUSTRIA$2R 702 1$aZaninelli$b, Sergio$3CFIV009040 801 3$aIT$bIT-000000$c19920520 850 $aIT-BN0095 $aIT-NA0663 $aIT-NA0079 901 $bNAP AD$cFREIS $nFondo Raimondi - Economia, Industria e Scienze 901 $bNAP 01$cPOZZO LIB.$nVi sono collocati fondi di economia, periodici di ingegneria e scienze, periodici di economia e statistica e altri fondi comprendenti documenti di economia pervenuti in dono. 912 $aRAV0189357 950 1$aBiblioteca dell'Associazione Amici degli Archivi onlus$bv. 3$cv. 3$d ADFREIS 03. A 0008 950 1$aBiblioteca Centralizzata di Ateneo$bv. 2-3$cv. 2.2$d 01POZZO LIB.DONI DEMM 607$c1 v.$d 01POZZO LIB.ECON MON 3173$bv. 2-3$cv. 3$d 01POZZO LIB.ECON MON 1698 967 $m4 977 $a 01$a AD$a BN 996 $aStoria dell'industria lombarda$966391 997 $aUNISANNIO